000 00496nam a2200181Ia 4500
008 230524s9999 xx 000 0 und d
020 _a9788131730465
082 _a658.4
_bLAU
100 _aKen Laudon
245 0 _a"Management Information System : Managing The Digital Firm, 11th ed."
250 _a11TH
260 _aNEW DELHI
_bS.Chand
_c2010
300 _aXXIII;580
500 _aQuantity Number: 10
650 _aComp-Sc
700 _a" Jane Laudon , Rajanish Dass,,,"
942 _cBK
999 _c46735
_d46735